Grandeza y decadencia de los romanos
Enregistré dans:
| Auteur principal: | |
|---|---|
| Format: | Livre |
| Langue: | espagnol |
| Publié: |
Buenos Aires
Espasa-Calpe
1947
|
| Édition: | 3a. ed |
| Collection: | Colección Austral, 253
|
| Sujets: | |
| Tags: |
Ajouter un tag
Pas de tags, Soyez le premier à ajouter un tag!
|
MARC
| LEADER | 00000nam a2200000 a 4500 | ||
|---|---|---|---|
| 001 | UCP9423 | ||
| 003 | CL-VaPUC | ||
| 005 | 20220308130856.0 | ||
| 008 | 000324e19470000AG |||||||||||||||||spa|d | ||
| 999 | |c 286236 |d 286234 | ||
| 040 | |c Pontificia Universidad Católica de Valparaíso | ||
| 082 | 0 | 4 | |a 937 |b MON |2 21 |
| 100 | |a Montesquieu, Charles Louis de Secondat, Barón de |e autor |9 515729 | ||
| 245 | 1 | 0 | |a Grandeza y decadencia de los romanos |
| 250 | |a 3a. ed | ||
| 260 | |a Buenos Aires |b Espasa-Calpe |c 1947 | ||
| 300 | |a 165 p | ||
| 490 | 0 | |a Colección Austral, 253 | |
| 583 | |a last modification |c 20000324 00:00:00 |k Rodrigo Vera | ||
| 600 | 0 | 7 | |a SILA |2 CL-VaPUC |9 431947 |
| 600 | 0 | |a Augusto |d 63 a.C.-14 d.C |9 319472 | |
| 600 | 0 | |a Tiberio, Emperador de Roma |9 387299 | |
| 600 | 0 | 7 | |a POMPEYO |2 CL-VaPUC |9 387297 |
| 600 | 0 | 7 | |a Julio César |d 100 A.C-44 A.C. |9 858621 |
| 600 | 0 | 7 | |a CALIGULA |2 CL-VaPUC |9 439993 |
| 650 | 0 | |a Historia antigua |9 267521 | |
| 650 | 7 | |a ROMA |2 CL-VaPUC |9 317375 | |
| 650 | 7 | |a ORIGENES |2 CL-VaPUC |9 367418 | |
| 650 | 7 | |a FUNDACION |2 CL-VaPUC |9 399101 | |
| 650 | 7 | |a GRECIA |2 CL-VaPUC |9 415287 | |
| 852 | |a BIBCUR | ||
| 942 | |c BK |2 ddc | ||
| 945 | |d 20000324 00:00:00 |a rherrera | ||
| 952 | |0 0 |1 0 |4 0 |6 937_000000000000000_MON_1947 |7 0 |8 X |9 331748 |a BIBHIS |b BIBHIS |d 2019-11-20 |i 1389734 |o 937 MON 1947 |p 1389734 |r 2024-01-30 |w 2019-11-20 |y BK_X |k HIS | ||